000 00520nam a2200181Ia 4500
005 20250326123951.0
008 250326s9999 xx 000 0 und d
037 _aTextbook
040 _aFMSL
_beng
_cFMSL
041 _aeng
_2eng
084 _aV261:8 L9
_qFMSL
100 _aSingh S R
245 0 _aUrban planning in India: case study of urban improvement trusts
_cSingh S R
260 _aNew Delhi
_bNew Delhi, Ashish
_c1979
300 _a432p
942 _cTB
_hV261:8 L9
999 _c1271687
_d1271687